Trinidad and Tobago : Selected Issues.

This Selected Issues paper analyzes medium-term fiscal sustainability in Trinidad and Tobago. The paper focuses on the challenge of distributing the nonrenewable resource wealth across generations. Its recommendations are geared toward the goal of intergenerational distribution and therefore focus o...

Descrizione completa

Dettagli Bibliografici
Ente Autore: International Monetary Fund
Natura: Periodico
Lingua:English
Pubblicazione: Washington, D.C. : International Monetary Fund, 2007.
Serie:IMF Staff Country Reports; Country Report ; No. 2007/008
Accesso online:Full text available on IMF
LEADER 01590cas a2200241 a 4500
001 AALejournalIMF009200
008 230101c9999 xx r poo 0 0eng d
020 |c 5.00 USD 
020 |z 9781451837674 
022 |a 1934-7685 
040 |a BD-DhAAL  |c BD-DhAAL 
110 2 |a International Monetary Fund. 
245 1 0 |a Trinidad and Tobago :   |b Selected Issues. 
264 1 |a Washington, D.C. :  |b International Monetary Fund,  |c 2007. 
300 |a 1 online resource (26 pages) 
490 1 |a IMF Staff Country Reports 
500 |a <strong>Off-Campus Access:</strong> No User ID or Password Required 
500 |a <strong>On-Campus Access:</strong> No User ID or Password Required 
506 |a Electronic access restricted to authorized BRAC University faculty, staff and students 
520 3 |a This Selected Issues paper analyzes medium-term fiscal sustainability in Trinidad and Tobago. The paper focuses on the challenge of distributing the nonrenewable resource wealth across generations. Its recommendations are geared toward the goal of intergenerational distribution and therefore focus on the transformation of the natural resource wealth into other assets. The paper reviews the main aspects of the monetary transmission mechanism in Trinidad and Tobago, and also offers some suggestions to improve the effectiveness of monetary policy transmission. 
538 |a Mode of access: Internet 
830 0 |a IMF Staff Country Reports; Country Report ;  |v No. 2007/008 
856 4 0 |z Full text available on IMF  |u http://elibrary.imf.org/view/journals/002/2007/008/002.2007.issue-008-en.xml  |z IMF e-Library